Atlantic 10 Conference Mascots - Statistics

General Stats
  • This quiz has been taken 9 times
  • The average score is 13 of 15
Answer Stats
Hint Answer % Correct
Duquesne Dukes
100%
UMass Minutemen
100%
Fordham Rams
100%
Rhode Island Rams
100%
VCU Rams
100%
Davidson Wildcats
100%
St. Bonaventure Bonnies
89%
Dayton Flyers
89%
Saint Joseph's Hawks
89%
Richmond Spiders
89%
Saint Louis Billikens
78%
La Salle Explorers
78%
George Mason Patriots
67%
Loyola Chicago Ramblers
67%
George Washington Revolutionaries
67%
No matching quizzes found
Score Distribution
Percent of People with Each Score
Percentile by Number Answered
Your Score History
You have not taken this quiz